Overwatch Character based on Ultimate Name - Statistics

General Stats
  • This quiz has been taken 33 times
  • The average score is 17 of 18
Answer Stats
Ultimate Character % Correct
Dragonstrike Hanzo
100%
B.O.B. Ashe
96%
Duplicate Echo
96%
RIP-Tire Junkrat
96%
Blizzard Mei
96%
Earthshatter Reinhardt
96%
Photon Barrier Symmetra
96%
Molten Core Torbjörn
96%
Rally Brigitte
93%
Dragonblade Genji
93%
Kitsune Rush Kiriko
93%
Coalescence Moira
93%
Terra Surge Orissa
93%
Barrage Pharrah
93%
Amplification Matrix Baptiste
89%
Graviton Surge Zarya
89%
Annihilation Rammatra
75%
Rampage Junker Queen
71%
No matching quizzes found
Score Distribution
Percent of People with Each Score
Percentile by Number Answered
Your Score History
You have not taken this quiz